The Loneliness of Sonia and Sunny (Record no. 370781)

MARC details
000 -LEADER
fixed length control field 00502nam a22001937a 4500
005 - DATE AND TIME OF LATEST TRANSACTION
control field 20260325160943.0
008 - FIXED-LENGTH DATA ELEMENTS--GENERAL INFORMATION
fixed length control field 260325b |||||||| |||| 00| 0 eng d
020 ## - INTERNATIONAL STANDARD BOOK NUMBER
International Standard Book Number 978-0-670-08557-6
041 ## - LANGUAGE CODE
Language code of text/sound track or separate title English
082 ## - DEWEY DECIMAL CLASSIFICATION NUMBER
Edition number 1st 2025
Classification number X 823.92 B12841
100 ## - MAIN ENTRY--PERSONAL NAME
Author Desai, Kiran
245 ## - TITLE STATEMENT
Title The Loneliness of Sonia and Sunny
250 ## - EDITION STATEMENT
Edition statement 1st 2025
260 ## - PUBLICATION, DISTRIBUTION, ETC.
Place of publication, distribution, etc. Haryana
Name of publisher, distributor, etc. Penguin Random House
Date of publication, distribution, etc. 2025
300 ## - PHYSICAL DESCRIPTION
Extent 670p
Other physical details HB
365 ## - TRADE PRICE
Price type code Rupaye
Price amount 596
Currency code INR
500 ## - GENERAL NOTE
Keywords Novel
942 ## - ADDED ENTRY ELEMENTS (KOHA)
Koha item type Books

No items available.